| 000 | 01421nam0a2200337 4500 | ||
|---|---|---|---|
| 001 | v19\rc\1426790 | ||
| 005 | 20260406101947.0 | ||
| 035 | _a(NLR Aleph) 005225135 | ||
| 090 |
_a5546380 _c5546380 |
||
| 100 | _a20060620e18501850|||y0rusy50 ca | ||
| 101 | 0 | _arus | |
| 102 | _aRU | ||
| 105 | _ay z ||||| | ||
| 200 | 1 |
_aСельские школы грамотности _f[С. Маслов] |
|
| 210 |
_aМосква _cУнив. тип. _d[1850] |
||
| 215 |
_a10 с. _d22 |
||
| 300 | _aАвт. указан в конце текста | ||
| 309 | _aБез тит. л. и обл. | ||
| 311 | _aИз № 8 "Журн. сел. хоз-ва и овцеводства". 1850 | ||
| 488 | 0 |
_12001#$aЖурнал сельского хозяйства и овцеводства$v1850, № 8 _tЖурнал сельского хозяйства и овцеводства |
|
| 606 | 1 |
_aКрестьяне _xОбучение _yРоссия _92575400 _3RU\NLR\AUTH\6601733805 |
|
| 686 | 3 | _aЧ424(28)729-3 | |
| 700 | 1 |
_8rus _7ca _aМаслов _bС. А. _cписатель, агроном _f1793-1879 _gСтепан Алексеевич _3RU\NLR\AUTH\7782806 _965734 |
|
| 801 | 0 |
_aRU _bNLR _c20060620 _gpsbo |
|
| 801 | 0 |
_aRU _bRuMoRGB _c20060620 _2psbo |
|
| 801 | 1 |
_aRU _bProSoft-M _c20060620 _2rusmarc |
|
| 801 | 2 |
_aRU _bNLR _c20091204 _2rusmarc |
|
| 852 |
_aNLR _j18.100.2.107 |
||
| 942 | _cBOOK | ||
| 980 | _aNB | ||